Eastern Utah Libraries Catalog: Duchesne, Heber, Roosevelt, & Vernal

Abbott Elementary. The Complete First Season / (Record no. 378548)

MARC details
000 -LEADER
fixed length control field 03236cgm a2200649 i 4500
001 - CONTROL NUMBER
control field jcplb1342603409
003 - CONTROL NUMBER IDENTIFIER
control field QQ3
005 - DATE AND TIME OF LATEST TRANSACTION
control field 20251230114705.0
007 - PHYSICAL DESCRIPTION FIXED FIELD--GENERAL INFORMATION
fixed length control field vd cvaizq
008 - FIXED-LENGTH DATA ELEMENTS--GENERAL INFORMATION
fixed length control field 220829m20229999cau vleng d
024 1# - OTHER STANDARD IDENTIFIER
Standard number or code 883929798681
Qualifying information (season 1)
028 42 - PUBLISHER NUMBER
Publisher number 1000819049
Source Warner Bros.
035 ## - SYSTEM CONTROL NUMBER
System control number (OCoLC)1342603409
037 ## - SOURCE OF ACQUISITION
Source of stock number/acquisition Midwest Tape
Note http://www.midwesttapes.com
040 ## - CATALOGING SOURCE
Original cataloging agency QQ3
Language of cataloging eng
Description conventions rda
Transcribing agency QQ3
041 1# - LANGUAGE CODE
Language code of text/sound track or separate title eng
Language code of original and/or intermediate translations of text eng
043 ## - GEOGRAPHIC AREA CODE
Geographic area code n-us-pa
050 #4 - LIBRARY OF CONGRESS CALL NUMBER
Classification number PN1992.77
Item number .A23 2022
082 04 - DEWEY DECIMAL CLASSIFICATION NUMBER
Classification number 791.45/75
Edition number 23/eng/20220830
092 ## - LOCALLY ASSIGNED DEWEY CALL NUMBER (OCLC)
Classification number dvd
099 #9 - LOCAL FREE-TEXT CALL NUMBER (OCLC)
Filing suffix DVD
130 0# - MAIN ENTRY--UNIFORM TITLE
Uniform title Abbott Elementary (Television program)
9 (RLIN) 6457581
245 00 - TITLE STATEMENT
Title Abbott Elementary. The Complete First Season /
264 #1 - Production, Publication, Distribution, Manufacture, and Copyright Notice.
Place of production, publication, distribution, manufacture [Burbank, California] :
Name of producer, publisher, distributor, manufacturer Warner Bros. Entertainment, writer, Quinta Brunson.
Date of production, publication, distribution, manufacture, or copyr [2022]-
300 ## - PHYSICAL DESCRIPTION
Extent videodiscs :
Other physical details sound, color ;
Dimensions 4 3/4 in.
336 ## - Content Type
Content type term two-dimensional moving image
337 ## - Media type
Media type term video
338 ## - Carrier type
Carrier type term videodisc
340 ## - PHYSICAL MEDIUM
Dimensions 4 3/4 in.
500 ## - GENERAL NOTE
General note Originally broadcast as single episodes of a television program in 2021-
505 0# - FORMATTED CONTENTS NOTE
Formatted contents note season 1. (2 discs ; 282 min.)
505 0# - FORMATTED CONTENTS NOTE
Formatted contents note season 1. Pilot -- Light bulb -- Wishlist -- New tech -- Student transfer -- Gifted program. Disc 2. Art teacher -- Work family -- Step class -- Open house -- Desking -- Ava vs. Superintendent -- Zoo balloon.
511 1# - PARTICIPANT OR PERFORMER NOTE
Participant or performer note Quinta Brunson, Tyler James Williams, Janelle James, Lisa Ann Walter, Chris Perfetti, Sheryl Lee Ralph, William Stanford Davis.
520 ## - SUMMARY, ETC.
Summary, etc In this workplace comedy from writer/executive producer/star Quinta Brunson and executive producers Justin Halpern & Patrick Schumacker, a group of teachers is brought together in a Philadelphia public school, because they love teaching. Though outnumbered and underfunded, they love what they do even if they don't love the school district's less-than-stellar attitude toward educating children.
521 8# - TARGET AUDIENCE NOTE
Target audience note Rating: Not rated.
538 ## - SYSTEM DETAILS NOTE
System details note DVD; Region 1; Wide screen; Dolby Digital 5.1.
546 ## - LANGUAGE NOTE
Language note English dialogue ; English subtitles for the deaf and hard of hearing (SDH).
650 #0 - SUBJECT ADDED ENTRY--TOPICAL TERM
Topical term or geographic name as entry element Elementary school teaching
Geographic subdivision Pennsylvania
-- Philadelphia
Form subdivision Drama.
9 (RLIN) 6457582
650 #0 - SUBJECT ADDED ENTRY--TOPICAL TERM
Topical term or geographic name as entry element Public schools
Geographic subdivision Pennsylvania
-- Philadelphia
Form subdivision Drama.
9 (RLIN) 6457583
650 #0 - SUBJECT ADDED ENTRY--TOPICAL TERM
Topical term or geographic name as entry element Teachers
Geographic subdivision Pennsylvania
-- Philadelphia
Form subdivision Drama.
9 (RLIN) 6457584
651 #0 - SUBJECT ADDED ENTRY--GEOGRAPHIC NAME
Geographic name Philadelphia (Pa.)
Form subdivision Drama.
9 (RLIN) 5778840
655 #7 - INDEX TERM--GENRE/FORM
Genre/form data or focus term DVD-Video discs.
Source of term local.
655 #7 - INDEX TERM--GENRE/FORM
Genre/form data or focus term Television series.
Source of term lcgft.
655 #7 - INDEX TERM--GENRE/FORM
Genre/form data or focus term Fiction television programs.
Source of term lcgft.
9 (RLIN) 5673656
655 #7 - INDEX TERM--GENRE/FORM
Genre/form data or focus term Television comedies.
Source of term lcgft.
655 #7 - INDEX TERM--GENRE/FORM
Genre/form data or focus term Television programs.
Source of term lcgft.
655 #7 - INDEX TERM--GENRE/FORM
Genre/form data or focus term Video recordings for the hearing impaired.
Source of term lcgft.
655 #7 - INDEX TERM--GENRE/FORM
Genre/form data or focus term Television programs for the hearing impaired.
Source of term lcgft.
9 (RLIN) 5673659
700 1# - ADDED ENTRY--PERSONAL NAME
Personal name Brunson, Quinta,
Relator term screenwriter,
-- actor.
9 (RLIN) 6457585
700 1# - ADDED ENTRY--PERSONAL NAME
Personal name Williams, Tyler James,
Dates associated with a name 1992-
Relator term actor.
9 (RLIN) 73430
700 1# - ADDED ENTRY--PERSONAL NAME
Personal name James, Janelle,
Relator term actor.
9 (RLIN) 6457586
700 1# - ADDED ENTRY--PERSONAL NAME
Personal name Walter, Lisa Ann,
Dates associated with a name 1963-
Relator term actor.
9 (RLIN) 70452
710 2# - ADDED ENTRY--CORPORATE NAME
Corporate name or jurisdiction name as entry element Studio Distribution Services (Firm),
Relator term publisher.
9 (RLIN) 6433622
710 2# - ADDED ENTRY--CORPORATE NAME
Corporate name or jurisdiction name as entry element Warner Bros. Entertainment,
Relator term publisher.
9 (RLIN) 52548
907 ## - LOCAL DATA ELEMENT G, LDG (RLIN)
a .b471486334
942 ## - ADDED ENTRY ELEMENTS (KOHA)
Source of classification or shelving scheme Dewey Decimal Classification
Koha item type DVD
Holdings
Withdrawn status Lost status Source of classification or shelving scheme Materials specified (bound volume or other part) Damaged status Not for loan Collection code Home library Current library Shelving location Date acquired Source of acquisition Serial Enumeration / chronology Total Checkouts Total Renewals Full call number Barcode Date last seen Date checked out Cost, replacement price Price effective from Koha item type
    Dewey Decimal Classification 2 discs     Television Series Wasatch County Library Wasatch County Library Audio Visual Area 03/04/2024 Micromarketing Season 1 - Abbott Elementary 2 2 TV Series Abbott Elementary #1 34301002067678 04/28/2024 04/18/2024 24.99 03/04/2024 DVD Series
This project was made possible through a grant from the Institute of Museum and Library Service administered by the Utah State Library Division.

Wasatch County Library

  • 465 East 1200 South, Heber City, Utah 84032
  • Phone 435-654-1511 | Fax 435-654-6456

Hours

  • Monday - Friday 9:30 AM - 8:00 PM
  • Saturday 9:30 AM - 1:30 PM
  • Closed Sundays and Holidays